Countries with Unique Currency Name - Statistics

General Stats
  • This quiz has been taken 1,019 times
  • The average score is 30 of 53
Answer Stats
Currency Name Country % Correct
Afghani Afghanistan
96%
Yuan China
89%
Yen Japan
88%
Boliviano Bolivia
87%
Dong Vietnam
80%
Baht Thailand
79%
Złoty Poland
77%
Shekel Israel
73%
Rand South Africa
69%
Bolívar Venezuela
69%
Forint Hungary
67%
Kip Laos
66%
Ringgit Malaysia
66%
Sol Peru
65%
Leone Sierra Leone
65%
Hryvnia Ukraine
65%
Lev Bulgaria
64%
Quetzal Guatemala
64%
Lek Albania
63%
Riel Cambodia
61%
Vatu Vanuatu
60%
Guaraní Paraguay
58%
Kuna Croatia
57%
Ngultrum Bhutan
56%
Lempira Honduras
55%
Tögrög Mongolia
55%
Dram Armenia
54%
Birr Ethiopia
53%
Kwanza Angola
52%
Naira Nigeria
52%
Balboa Panama
52%
Córdoba Nicaragua
51%
Taka Bangladesh
50%
Tenge Kazakhstan
49%
Lats Latvia
48%
Litas Lithuania
46%
Lari Georgia
45%
Cedi Ghana
45%
Gourde Haiti
45%
Somoni Tajikistan
45%
Paʻanga Tonga
45%
Pula Botswana
44%
Metical Mozambique
44%
Kyat Burma
43%
Loti Lesotho
43%
Ariary Madagascar
43%
Nakfa Eritrea
41%
Tālā Samoa
41%
Ouguiya Mauritania
37%
Dalasi Gambia
36%
Kina Papua New Guinea
36%
Lilangeni Swaziland
35%
Dobra Sao Tome & Principe
29%
No matching quizzes found
Score Distribution
Percent of People with Each Score
Percentile by Number Answered
Your Score History
You have not taken this quiz